000
00328nam a2200133Ia 4500
005
20251222144807.0
008
251222s9999||||xx |||||||||||||| ||spa||
020
_a
0-8213-6511-8
082
_a
339.46/P43
100
_a
Perry, Guillermo E.
245
0
_a
Poverty Reduction and Growth.
264
_b
The World Bank
942
_c
LIB
999
_c
19952
_d
19952